Návrh opatrení na zdokonalenie adaptačného programu novoprijatých zamestnancov v ŽOS Trnava, a.s. : Bakalárska práca

Uložené v:
Podrobná bibliografia
Hlavný autor: Chrvalová, Veronika, 1988- (Autor)
Ďalší autori: Chatrnúchová, Lucia, 1977- (Vedúci práce)
Médium: Rukopis Kniha
Jazyk:Slovak
Vydavateľské údaje: Trnava : STU v Bratislave MTF UPMK, 2011
Predmet:
On-line prístup:VAIS
Tagy: Pridať tag
Žiadne tagy, Buďte prvý, kto otaguje tento záznam!

MARC

LEADER 00000ntm a22000003a 4500
001 stu231134
005 20160719160527.3
008 110712s2011----xo------------------slo-d
040 |a STU  |b slo 
041 0 |a slo 
044 |a xo 
100 1 |a Chrvalová, Veronika,  |d 1988-  |4 aut  |X 59814  |7 A000059814 
242 0 0 |a The proposal of improvements for adaptation program of new employees in ŽOS Trnava, a,s.   |y eng 
245 1 |a Návrh opatrení na zdokonalenie adaptačného programu novoprijatých zamestnancov v ŽOS Trnava, a.s. :  |b Bakalárska práca 
260 |a Trnava :  |b STU v Bratislave MTF UPMK,  |c 2011 
300 |a 64 s., CD-ROM 
650 7 |a ľudské zdroje  |2 stusub 
650 7 |a adaptácia  |2 stusub 
650 7 |a adaptačný program  |2 stusub 
650 7 |a human resources  |2 estusub 
650 7 |a adaptation  |2 estusub 
650 7 |a priemyselné manažérstvo  |2 stusub 
650 7 |a Industrial Management  |2 estusub 
700 1 |a Chatrnúchová, Lucia,  |d 1977-  |4 ths  |u M4000  |U MTF Materiálovotechnologická fakulta  |T MTF Ústav priemyselného inžinierstva a manažmentu  |X 29430  |U M4000  |Y 84  |7 A000029430 
856 4 |a info a plný text  |u http://is.stuba.sk/zp/portal_zp.pl?podrobnosti=62121  |3 VAIS 
996 |c M*BP-5431  |l MMSKP  |s P  |a 0  |w stu231134_0001